[Event "Titled Tue 3rd Jun Early"]
[Site "chess.com INT"]
[Date "2025.06.03"]
[Round "5"]
[White "Madaminov, Mukhiddin"]
[Black "Lazavik, Denis"]
[Result "0-1"]
[WhiteTitle "GM"]
[BlackTitle "GM"]
[WhiteElo "2520"]
[BlackElo "2577"]
[WhiteFideId "14210703"]
[BlackFideId "13515110"]
[EventDate "2025.06.03"]

1. e4 c5 2. Nf3 Nc6 3. Bb5 e6 4. O-O Nge7 5. c3 a6 6. Ba4 b5 7. Bc2 Bb7 8. Qe2
d5 9. d4 cxd4 10. cxd4 dxe4 11. Bxe4 g6 12. Rd1 Bg7 13. d5 exd5 14. Bxd5 Qc7 15.
Bxc6+ Bxc6 16. Re1 Bxf3 17. gxf3 Kf8 18. Qe4 Re8 19. Nc3 Qd7 20. Be3 f5 21. Qh4
Kf7 22. Rad1 Qb7 23. Bd4 Nc6 24. Bxg7 Kxg7 25. Nd5 Qf7 26. Nc3 Rxe1+ 27. Rxe1
Re8 28. Rxe8 Qxe8 29. Qf4 Qe5 30. Qe3 Kf7 31. Kg2 Qxe3 32. fxe3 Ke6 33. Kf2 g5
34. b3 Ke5 35. Ne2 Nb4 36. a4 Nd3+ 37. Kf1 bxa4 38. bxa4 Nc5 39. Nc3 h5 40. Ke2
h4 41. h3 Nd7 42. a5 Nc5 43. Na2 Kd5 44. Nb4+ Kc4 45. Nc6 Ne6 46. Kd2 Kb5 47.
Ne7 f4 48. Nd5 Kxa5 49. Nf6 Kb5 50. Ne4 fxe3+ 51. Kxe3 a5 52. f4 gxf4+ 53. Kd3
Kb4 54. Nd2 a4 55. Nf3 a3 56. Kc2 Kc4 57. Nxh4 Nd4+ 58. Kb1 Kb3 59. Ng6 a2+ 60.
Ka1 Nc2# 0-1

[Event "Titled Tue 3rd Jun Early"]
[Site "chess.com INT"]
[Date "2025.06.03"]
[Round "5"]
[White "Ser, Daniel"]
[Black "Sadubayev, Airat"]
[Result "1/2-1/2"]
[WhiteTitle "CM"]
[BlackTitle "FM"]
[WhiteElo "2005"]
[BlackElo "2211"]
[WhiteFideId "12829404"]
[BlackFideId "13713264"]
[EventDate "2025.06.03"]

1. d4 d5 2. Bf4 c5 3. e3 Nc6 4. Nf3 Nf6 5. Nbd2 Bg4 6. c3 e6 7. Qa4 Nd7 8. Bb5
Qc8 9. Ne5 Ncxe5 10. Bxe5 a6 11. Bxd7+ Qxd7 12. Qxd7+ Kxd7 13. dxc5 f6 14. h3
Bh5 15. Bd6 Bxd6 16. cxd6 Kxd6 17. g4 Bg6 18. Ke2 b5 19. h4 h6 20. h5 Bh7 21. f3
Rhb8 22. Rac1 e5 23. Rhd1 a5 24. e4 dxe4 25. Nxe4+ Ke7 26. Rd2 Rd8 27. Rcd1
Rxd2+ 28. Rxd2 Bg8 29. a3 Rb8 30. Ng3 Be6 31. Ne4 b4 32. axb4 axb4 33. Nc5 bxc3
34. bxc3 Bc8 35. Ke3 Rb5 36. Ne4 Rb6 37. Ra2 Rb7 38. Nc5 Rc7 39. Ne4 Bb7 40. Ra3
Kd7 41. Rb3 Bd5 42. Ra3 Ke7 43. Nd2 Bf7 44. Ne4 Be8 45. Ng3 Bd7 46. Ne4 f5 47.
gxf5 Bxf5 48. Rb3 Be6 49. Rb5 Bf7 50. Rxe5+ Kd7 51. Rf5 Ke6 52. Ra5 Ke7 53. Kf4
Be8 54. Re5+ Kf8 55. Rf5+ Ke7 56. Re5+ Kf8 57. Ra5 Bf7 58. Ra8+ Ke7 59. Ra5 Be8
60. Re5+ 1/2-1/2

[Event "Titled Tue 3rd Jun Early"]
[Site "chess.com INT"]
[Date "2025.06.03"]
[Round "5"]
[White "Kshatriya, Nitin Vekhande"]
[Black "Mottola, Max"]
[Result "0-1"]
[WhiteTitle "FM"]
[WhiteElo "2255"]
[BlackElo "2128"]
[WhiteFideId "45075530"]
[BlackFideId "30985862"]
[EventDate "2025.06.03"]

1. e4 d5 2. exd5 Qxd5 3. Nc3 Qa5 4. Bc4 Nf6 5. d4 Bg4 6. Nf3 e6 7. h3 Bh5 8. g4
Bg6 9. Bd2 c6 10. Nd5 Qd8 11. Nxf6+ gxf6 12. c3 Nd7 13. Qe2 Qc7 14. O-O-O O-O-O
15. Nh4 Bd6 16. Rhf1 Bf4 17. Bxf4 Qxf4+ 18. Qe3 Qc7 19. f4 c5 20. d5 Nb6 21.
dxe6 Nxc4 22. Qe2 Rxd1+ 23. Kxd1 Rd8+ 24. Kc1 Rd2 25. Qxd2 Nxd2 26. Kxd2 fxe6
27. Ke2 c4 28. Kf3 Bd3 29. Re1 Qc6+ 30. Kf2 Qc5+ 31. Kg3 e5 32. fxe5 fxe5 33.
Ng2 e4 34. h4 Qe5+ 35. Nf4 e3 36. Kf3 Qe4+ 37. Kg3 e2 38. Ng2 Bc2 39. g5 Bd1 40.
Kf2 Qc2 41. h5 Qxb2 42. g6 hxg6 43. hxg6 Qxc3 44. Ne3 Qf6+ 45. Kg3 Qxg6+ 46. Kf2
Qf6+ 47. Kg3 Qc3 48. Kf2 Qd4 49. Kf3 c3 50. Rg1 c2 51. Rg8+ Kc7 52. Rg4 Qxg4+
53. Kxg4 e1=Q+ 54. Nxd1 cxd1=Q+ 0-1

[Event "Titled Tue 3rd Jun Early"]
[Site "chess.com INT"]
[Date "2025.06.03"]
[Round "5"]
[White "Novikova, Marharyta"]
[Black "Le, Minh Tu"]
[Result "1/2-1/2"]
[WhiteTitle "WCM"]
[BlackTitle "FM"]
[WhiteElo "1969"]
[BlackElo "1932"]
[WhiteFideId "14109689"]
[BlackFideId "12404888"]
[EventDate "2025.06.03"]

1. e4 c5 2. Nc3 e6 3. d3 d5 4. exd5 exd5 5. Nge2 Nf6 6. Nf4 Be7 7. g3 O-O 8. Bg2
d4 9. Ne4 Nxe4 10. Bxe4 Nd7 11. Nd5 Nf6 12. Nxf6+ Bxf6 13. O-O g6 14. Bh6 Re8
15. Re1 Bg7 16. Bxg7 Kxg7 17. Qd2 Rb8 18. Qf4 Be6 19. h4 Qf6 20. Qd6 b6 21. Bc6
Red8 22. Qc7 Rbc8 23. Qb7 Bh3 24. Bg2 Bxg2 25. Kxg2 a5 26. Re4 Re8 27. Rf4 Qe6
28. Qf3 Rc7 29. Re4 Qd7 30. Rae1 Rxe4 31. Qxe4 Qd6 32. f4 Qc6 33. Kf3 Qxe4+ 34.
Rxe4 Kf6 35. g4 Rb7 36. b3 a4 37. Re8 axb3 38. axb3 Ra7 39. Rb8 Ra2 40. Rxb6+
Kg7 41. Ke4 Rxc2 42. Rc6 Rc3 43. Kd5 Rxb3 44. Rxc5 Rxd3 45. Rc4 Rh3 46. Rxd4
Rxh4 47. g5 h6 48. gxh6+ Kxh6 49. Ke5 f5 50. Rd8 Kh5 51. Rh8+ Kg4 52. Rg8 Kf3
53. Rxg6 Rxf4 54. Rf6 Kg4 55. Rg6+ Kf3 56. Rf6 Re4+ 57. Kxf5 Rf4+ 58. Kg6 Rxf6+
59. Kxf6 1/2-1/2

[Event "Titled Tue 3rd Jun Early"]
[Site "chess.com INT"]
[Date "2025.06.03"]
[Round "5"]
[White "Salimova, Asal"]
[Black "Nugumanov, Bakhtiyar"]
[Result "0-1"]
[WhiteTitle "WCM"]
[BlackTitle "IM"]
[WhiteElo "2003"]
[BlackElo "2305"]
[WhiteFideId "14204940"]
[BlackFideId "13701797"]
[EventDate "2025.06.03"]

1. d4 Nf6 2. c4 e6 3. Nc3 Bb4 4. e3 O-O 5. Bd3 d5 6. Ne2 Re8 7. O-O b6 8. a3 Bf8
9. cxd5 exd5 10. Nf4 Bb7 11. b4 c5 12. bxc5 bxc5 13. Rb1 Bc6 14. dxc5 Bxc5 15.
Bb2 Nbd7 16. Nce2 Ne5 17. Bxe5 Rxe5 18. Qc2 Qa5 19. Rfc1 Ne4 20. Nd4 Ba4 21. Qb2
Rae8 22. Nf3 Rf5 23. Bb5 Rb8 24. Nd4 Rxf4 25. exf4 Qb6 26. Bxa4 Qxb2 27. Rxb2
Rxb2 28. Nf3 g6 29. Bc2 Nxf2 30. Kf1 Ng4 31. h3 Ne3+ 32. Ke2 Nxc2 33. Kd3 Nxa3
34. Rxc5 Rxg2 35. Ng5 h6 36. Nf3 Rg3 37. Ke2 Rxh3 38. Rxd5 Nc4 39. Rc5 Nd6 40.
Rc6 Nf5 41. Rc8+ Kg7 42. Ne5 Nd4+ 43. Kd2 Nf3+ 44. Nxf3 Rxf3 45. Rc7 Rxf4 46.
Rxa7 h5 47. Ke3 Rf6 48. Ra5 h4 49. Ke4 g5 50. Ra3 Kg6 51. Rd3 Rf4+ 52. Ke3 f6
53. Rd6 h3 54. Rd1 h2 55. Rh1 Rh4 56. Kf3 g4+ 57. Kg3 Kg5 58. Rxh2 Rxh2 59. Kxh2
f5 60. Kg2 f4 61. Kf2 Kf5 62. Kg2 Ke4 63. Kf2 g3+ 64. Kg2 Ke3 65. Kf1 Kf3 66.
Kg1 g2 67. Kh2 Kf2 68. Kh3 g1=Q 69. Kh4 Qg6 70. Kh3 Qg3# 0-1

[Event "Titled Tue 3rd Jun Early"]
[Site "chess.com INT"]
[Date "2025.06.03"]
[Round "5"]
[White "Guerra Tulcan, Lenin"]
[Black "Vyom Malhotra"]
[Result "1-0"]
[WhiteTitle "IM"]
[BlackTitle "CM"]
[WhiteElo "2310"]
[BlackElo "1975"]
[WhiteFideId "3601382"]
[BlackFideId "33383561"]
[EventDate "2025.06.03"]

1. e4 e5 2. Nf3 Nc6 3. Bb5 a6 4. Ba4 Nf6 5. Qe2 b5 6. Bb3 Bc5 7. c3 O-O 8. O-O
Bb7 9. Rd1 Ba7 10. d3 d5 11. h3 Re8 12. Nbd2 Na5 13. Bc2 Qe7 14. Nf1 c5 15. g4
c4 16. Ng3 cxd3 17. Bxd3 dxe4 18. Nxe4 Nxe4 19. Bxe4 Bxe4 20. Qxe4 Nc4 21. b3
Nd6 22. Qxe5 Qxe5 23. Nxe5 Ne4 24. Nc6 Bxf2+ 25. Kg2 Nxc3 26. Rd3 Be1 27. Be3
Nd5 28. Rxe1 Nf4+ 29. Bxf4 Rxe1 30. Rd2 Rae8 31. Kf2 h6 32. Nb4 R1e4 33. Bd6 Rd8
34. Nc6 Rd7 35. Bb4 Rxd2+ 36. Bxd2 Kf8 37. Nb4 a5 38. Nd3 a4 39. bxa4 Rxa4 40.
a3 Ke8 41. Bb4 Ra8 42. Ke3 Kd7 43. Ne5+ Ke6 44. Nf3 Kd5 45. Kd3 Re8 46. Nd4 Rb8
47. Nf5 g6 48. Nxh6 f6 49. h4 Rh8 50. g5 f5 51. h5 gxh5 52. Nxf5 Ke6 53. Nh4
Rd8+ 54. Ke4 Rc8 55. Kf3 Rc4 56. Ng2 Kf5 57. Ne3+ Kxg5 58. Nxc4 bxc4 59. a4 Kf5
60. a5 Ke6 61. a6 Kd7 62. a7 Kc7 63. a8=Q Kb6 64. Qa5+ Kc6 65. Qxh5 Kb7 66. Qb5+
Kc7 67. Ke4 Kd8 68. Qb7 c3 69. Bxc3 Ke8 70. Bf6 Kf8 71. Qe7+ Kg8 72. Qg7# 1-0

[Event "Titled Tue 3rd Jun Early"]
[Site "chess.com INT"]
[Date "2025.06.03"]
[Round "5"]
[White "Durarbayli, Vasif"]
[Black "Lai, Duc Minh"]
[Result "1-0"]
[WhiteTitle "GM"]
[WhiteElo "2612"]
[BlackElo "2072"]
[WhiteFideId "13402935"]
[BlackFideId "12420387"]
[EventDate "2025.06.03"]

1. e4 c5 2. Nf3 g6 3. d4 cxd4 4. Nxd4 Nc6 5. Nc3 Bg7 6. Be3 Nf6 7. Be2 O-O 8.
Nb3 d6 9. f4 Na5 10. Qd2 Ng4 11. O-O-O Nxe3 12. Qxe3 Nxb3+ 13. axb3 Qa5 14. Kb1
Be6 15. Nd5 Rfe8 16. g4 Rac8 17. f5 Bxd5 18. exd5 Be5 19. h4 Qc5 20. Qe4 Qf2 21.
fxg6 fxg6 22. h5 Qf4 23. Qd3 Kg7 24. Rh3 Rf8 25. hxg6 h6 26. Rdh1 Qd4 27. Qxd4
Bxd4 28. Rxh6 Rh8 29. g5 Be3 30. Rh7+ Rxh7 31. gxh7 Bxg5 32. Rg1 Kf6 33. Bd3 Rh8
34. b4 Bh6 35. Rg8 Bg7 36. c3 Kf7 37. Bf5 Kf6 38. Be6 Rxh7 39. Rb8 b6 40. Rb7
Rh2 41. Rxa7 Rh1+ 42. Ka2 Bh6 43. Rb7 Be3 44. Rb8 Rh2 45. Kb1 Ke5 46. Rg8 Rh1+
47. Kc2 Rh2+ 48. Kd3 Bc1 49. b3 Rf2 50. Rg7 Rf3+ 51. Kc2 Bf4 52. Rxe7 Rf2+ 53.
Kd3 Rf3+ 54. Kc4 Bd2 55. Bg4+ Kf6 56. Re6+ Kg5 57. Bxf3 1-0

[Event "Titled Tue 3rd Jun Early"]
[Site "chess.com INT"]
[Date "2025.06.03"]
[Round "5"]
[White "Asish Panda"]
[Black "Norowitz, Yaacov"]
[Result "0-1"]
[BlackTitle "IM"]
[WhiteElo "1911"]
[BlackElo "2400"]
[WhiteFideId "45012458"]
[BlackFideId "2024799"]
[EventDate "2025.06.03"]

1. e4 c6 2. c4 d5 3. cxd5 cxd5 4. exd5 Nf6 5. Nc3 Nxd5 6. Nf3 e6 7. d4 Be7 8.
Bc4 O-O 9. O-O Nxc3 10. bxc3 Nc6 11. Re1 b6 12. Bf4 Bb7 13. Bd3 Rc8 14. Qd2 Bf6
15. Ne5 Bxe5 16. Bxe5 Nxe5 17. Rxe5 Qf6 18. Rae1 Rc7 19. R1e3 Rfc8 20. Rh3 g6
21. Be4 Bxe4 22. Rxe4 Qf5 23. Re1 Qf6 24. Rf3 Qg7 25. h4 h5 26. g3 Rd7 27. Qf4
Rd5 28. Rfe3 Rf5 29. Qe4 Rd5 30. Rf3 b5 31. Qb1 a6 32. Qb4 Qf8 33. Qb1 Qd6 34.
Qe4 Rc7 35. Rf6 Kg7 36. Qf3 Qe7 37. Rf4 Qd7 38. Qe3 a5 39. Re4 b4 40. cxb4 axb4
41. Re5 Qd6 42. Rxd5 Qxd5 43. Qd2 Rc4 44. Re5 Qxd4 45. Qxd4 Rxd4 46. Rb5 Kf6 47.
Rb7 Rc4 48. Kg2 e5 49. Ra7 Ke6 50. Ra6+ Kf5 51. Ra4 Rd4 52. Ra7 f6 53. Ra6 g5
54. hxg5 Kxg5 55. Rb6 h4 56. gxh4+ Rxh4 57. f3 Rd4 58. Rb5 Kf4 59. Rb6 f5 60.
Kf2 Rd2+ 61. Ke1 Rxa2 62. Rxb4+ Kxf3 63. Rb5 Kf4 64. Rb3 e4 65. Kf1 e3 66. Rb1
Kf3 67. Kg1 f4 68. Rf1+ Kg3 69. Rb1 Rg2+ 70. Kh1 f3 71. Ra1 Rh2+ 72. Kg1 0-1

[Event "Titled Tue 3rd Jun Early"]
[Site "chess.com INT"]
[Date "2025.06.03"]
[Round "5"]
[White "Kambrath, Yannick"]
[Black "Sharshenbekov, Emir"]
[Result "0-1"]
[WhiteTitle "IM"]
[BlackTitle "CM"]
[WhiteElo "2389"]
[BlackElo "2091"]
[WhiteFideId "20632525"]
[BlackFideId "13810634"]
[EventDate "2025.06.03"]

1. e4 e5 2. Nf3 Nf6 3. Nxe5 d6 4. Nf3 Nxe4 5. d4 d5 6. Bd3 Nc6 7. O-O Bg4 8. c4
Nb4 9. Be2 Be7 10. Nc3 O-O 11. Be3 f5 12. cxd5 Nxc3 13. bxc3 Nxd5 14. Qb3 Kh8
15. h3 Bh5 16. c4 Nxe3 17. fxe3 Bd6 18. Rab1 b6 19. Bd3 Qe7 20. Rbe1 Bg3 21. Re2
Rae8 22. Qc2 c5 23. d5 Qd7 24. a4 Bc7 25. e4 fxe4 26. Rxe4 Bxf3 27. Rxe8 Qxe8
28. Rxf3 Rxf3 29. gxf3 Qe1+ 30. Bf1 Qg3+ 31. Qg2 Qe5 32. Qd2 g5 33. Bg2 Kg7 34.
Kf1 h6 35. f4 Qf6 36. Qe2 Bxf4 37. Bf3 Bd6 38. Kg2 Qf4 39. Bg4 Be5 40. Qf3 Qxc4
41. Be6 Qc2+ 42. Kf1 Qg6 43. a5 Bf4 44. axb6 axb6 45. Qa3 Qb1+ 46. Ke2 Qc2+ 47.
Kf3 Qd1+ 48. Kf2 Qd2+ 49. Kf1 Kf6 50. Qa7 Qd1+ 51. Kf2 Qd2+ 52. Kf1 Qd3+ 53. Kf2
Be3+ 54. Kf3 Bd4+ 55. Kg2 Qe2+ 56. Kg3 Be5# 0-1

[Event "Titled Tue 3rd Jun Early"]
[Site "chess.com INT"]
[Date "2025.06.03"]
[Round "5"]
[White "So, Wesley"]
[Black "Mitrabha, Guha"]
[Result "0-1"]
[WhiteTitle "GM"]
[BlackTitle "GM"]
[WhiteElo "2751"]
[BlackElo "2515"]
[WhiteFideId "5202213"]
[BlackFideId "5057000"]
[EventDate "2025.06.03"]

1. d4 Nf6 2. c4 e6 3. Nc3 Bb4 4. Nf3 O-O 5. Bg5 b6 6. Nd2 Bb7 7. e4 h6 8. Bh4 c5
9. d5 exd5 10. exd5 Re8+ 11. Be2 Bxc3 12. bxc3 Qe7 13. Bxf6 Qxf6 14. O-O d6 15.
Bg4 Qxc3 16. Rc1 Qd4 17. h3 Na6 18. a3 Nc7 19. Qc2 a6 20. Rfe1 b5 21. Ne4 Rad8
22. Bf3 bxc4 23. Red1 Qe5 24. Nc3 Nb5 25. Ne2 Nxa3 26. Qa2 Nb5 27. Rxc4 Re7 28.
Ng3 Rde8 29. Re4 Qf6 30. Nh5 Qg6 31. Rg4 Qxh5 32. Rxg7+ Kxg7 33. Bxh5 Re5 34.
Rd3 Rxh5 35. Qb2+ f6 36. Rf3 Ree5 37. h4 Rxh4 38. Rg3+ Rg5 39. Rf3 Rg6 40. Qe2
Bxd5 41. Qe7+ Bf7 42. g3 Rh5 43. Qb7 Re5 44. Qxa6 Re1+ 45. Kh2 Nd4 46. Re3 Rxe3
47. fxe3 Nf3+ 48. Kg2 Ne5 49. Qxd6 c4 50. Qc5 h5 51. Kh3 Rg5 52. Qc7 Rg4 53. Kh2
Re4 54. Qc5 Nf3+ 55. Kg2 Ng5 56. Kf2 Re5 57. Qc7 Rf5+ 58. Ke2 Re5 59. Kf2 Ne4+
60. Kf3 c3 61. Ke2 Rc5 62. Qf4 c2 0-1

[Event "Titled Tue 3rd Jun Early"]
[Site "chess.com INT"]
[Date "2025.06.03"]
[Round "5"]
[White "Novosel, Lovro"]
[Black "Leinov, Roman"]
[Result "1-0"]
[WhiteTitle "FM"]
[BlackTitle "CM"]
[WhiteElo "2346"]
[BlackElo "2120"]
[WhiteFideId "14547120"]
[BlackFideId "13504649"]
[EventDate "2025.06.03"]

1. c4 Nf6 2. Nc3 e6 3. e4 d5 4. exd5 exd5 5. cxd5 Nxd5 6. Bc4 Nb6 7. Bb3 Be7 8.
Nf3 O-O 9. h3 Nc6 10. O-O Na5 11. Bc2 Be6 12. d4 Nd5 13. Re1 Nxc3 14. bxc3 Re8
15. Ne5 g6 16. Qf3 c6 17. a4 Nb3 18. Rb1 Nxc1 19. Rexc1 Rb8 20. Bb3 Bf6 21. Ng4
Bxg4 22. hxg4 h6 23. Bc4 Kg7 24. g3 Qd7 25. Kg2 Re7 26. a5 Rbe8 27. Rb2 Qc7 28.
Rcb1 Qc8 29. Rh1 Rd7 30. Rxh6 Kxh6 31. Qxf6 Qd8 32. Qf3 Qg5 33. a6 b5 34. Bd3
Re6 35. Rb1 Kg7 36. Be4 Rf6 37. Qd3 Re7 38. Bf3 Rfe6 39. c4 bxc4 40. Qxc4 Qf6
41. Qc5 Rd6 42. Rd1 Qe6 43. g5 Qf5 44. Qxd6 Rd7 45. Qe5+ Qxe5 46. dxe5 Rxd1 47.
Bxd1 c5 48. Bb3 Kf8 49. Bc4 Ke7 50. f4 Kd7 51. Bxf7 Kc6 52. Bc4 Kb6 53. e6 Kc6
54. Kf3 Kd6 55. Ke4 Ke7 56. g4 Kd6 57. f5 Ke7 58. f6+ Kd6 59. e7 1-0

[Event "Titled Tue 3rd Jun Early"]
[Site "chess.com INT"]
[Date "2025.06.03"]
[Round "5"]
[White "Rodriguez Avila, Alvaro"]
[Black "Parfenov, Viktor N."]
[Result "0-1"]
[WhiteTitle "CM"]
[BlackTitle "CM"]
[WhiteElo "2204"]
[BlackElo "2193"]
[WhiteFideId "24570249"]
[BlackFideId "4165969"]
[EventDate "2025.06.03"]

1. e4 e5 2. Nf3 Nc6 3. Nc3 Nf6 4. g3 Bc5 5. Bg2 O-O 6. O-O Re8 7. d3 Nd4 8. h3
c6 9. Kh2 Nxf3+ 10. Qxf3 h6 11. Be3 Bb6 12. Bxb6 axb6 13. Qe3 d5 14. exd5 cxd5
15. d4 e4 16. Ne2 Bd7 17. Rfe1 Qc7 18. c3 Qc4 19. a3 Qb5 20. Qd2 Qc6 21. g4 Qd6+
22. Qf4 Qc6 23. Ng3 Rac8 24. f3 exf3 25. Bxf3 Rxe1 26. Rxe1 Re8 27. Rxe8+ Bxe8
28. Nf5 Qe6 29. Qe3 Bd7 30. Qxe6 fxe6 31. Nd6 Bc6 32. Be2 Kf8 33. Nc8 Nd7 34.
Na7 Ke7 35. Kg3 Kd6 36. Kf4 Kc7 37. h4 Kb8 38. Nb5 Kc8 39. g5 Kd8 40. Kg4 hxg5
41. Kxg5 Nf8 42. Bd3 Ke7 43. Na7 Be8 44. h5 Bd7 45. Bc2 Kd6 46. Bd3 Kc7 47. b3
Kd6 48. a4 e5 49. dxe5+ Kxe5 50. Bb5 Be6 51. Bd3 Bd7 52. Bb5 Bf5 53. Be2 Ne6+
54. Kh4 Nf4 55. Bf1 Bd7 56. Kg5 Bf5 57. Nb5 Ne6+ 58. Kh4 Bc2 59. Nc7 Nxc7 60. b4
Bxa4 61. Kg5 Bc2 62. Be2 Ne6+ 63. Kh4 Bf5 64. Bg4 Kf4 65. Kh3 Bxg4+ 0-1

[Event "Titled Tue 3rd Jun Early"]
[Site "chess.com INT"]
[Date "2025.06.03"]
[Round "5"]
[White "Porozhnyak, Maya"]
[Black "Tilahun, Abel Mathewos"]
[Result "1-0"]
[WhiteTitle "WCM"]
[BlackTitle "CM"]
[WhiteElo "1974"]
[BlackElo "1944"]
[WhiteFideId "34115843"]
[BlackFideId "15702391"]
[EventDate "2025.06.03"]

1. e4 e6 2. d4 d5 3. exd5 exd5 4. Bd3 Nf6 5. h3 c5 6. dxc5 Bxc5 7. Nf3 O-O 8.
O-O Nc6 9. c3 h6 10. Re1 Be6 11. Bf4 Re8 12. Nbd2 a6 13. Nb3 Bb6 14. Rc1 Qd7 15.
Bf1 Rad8 16. Nbd4 Na5 17. b3 Nc6 18. Ne5 Nxe5 19. Bxe5 Ne4 20. f3 Ng5 21. Kh2
Bc7 22. Bxc7 Qxc7+ 23. Kh1 Bxh3 24. gxh3 Qg3 25. Bg2 Nxh3 26. Qd2 Nf2+ 27. Kg1
Nh3+ 28. Kf1 Nf4 29. Nf5 Qg5 30. Ne3 Qg6 31. Rcd1 Re5 32. Ng4 Rxe1+ 33. Rxe1 h5
34. Qxf4 hxg4 35. fxg4 Qd3+ 36. Kg1 Qxc3 37. Qe3 Qf6 38. Rf1 Qg6 39. g5 d4 40.
Qd2 d3 41. Rf3 b5 42. Kf2 Rd5 43. a4 Re5 44. Re3 Rf5+ 45. Rf3 Re5 46. Qxd3 Rxg5
47. Qxg6 Rxg6 48. axb5 axb5 49. Bf1 Rb6 50. Rf5 b4 51. Bc4 g6 52. Rxf7 Rc6 53.
Rd7+ Kh8 54. Rd5 Rf6+ 55. Kg3 Kg7 56. Rb5 1-0

[Event "Titled Tue 3rd Jun Early"]
[Site "chess.com INT"]
[Date "2025.06.03"]
[Round "5"]
[White "Fisabilillah, Ummi"]
[Black "Grodotzki, Kenneth"]
[Result "1-0"]
[WhiteTitle "WIM"]
[BlackTitle "CM"]
[WhiteElo "2115"]
[BlackElo "1984"]
[WhiteFideId "7104804"]
[BlackFideId "4648560"]
[EventDate "2025.06.03"]

1. d4 f5 2. Nf3 Nf6 3. g3 g6 4. Bg2 Bg7 5. O-O O-O 6. c4 d6 7. Bf4 Nc6 8. Nc3 h6
9. h4 Nh5 10. Bd2 Nxd4 11. Nxd4 Bxd4 12. Bxh6 Bg7 13. Bg5 c6 14. Rc1 Qc7 15. Qd2
e5 16. Rfd1 f4 17. Qxd6 Qxd6 18. Rxd6 fxg3 19. fxg3 Nxg3 20. Rxg6 Bf5 21. Rd6
Bg4 22. Re1 Nf5 23. Rd2 Nd4 24. Ne4 Ne6 25. e3 Nxg5 26. hxg5 Rad8 27. Rf2 Rxf2
28. Nxf2 Bf5 29. Be4 Be6 30. b3 Rd2 31. Rd1 Rxa2 32. Rd8+ Bf8 33. Nd3 Kg7 34.
Rb8 Ra1+ 35. Kf2 Ra2+ 36. Kf3 Bh3 37. Rxb7+ Kg8 38. Nf2 Bf1 39. Bxc6 Be2+ 40.
Kg3 Bc5 41. Bd5+ Kf8 42. Rf7+ Ke8 43. Ng4 Bxg4 44. Kxg4 Bxe3 45. g6 Ra1 46. g7
Rg1+ 47. Kf5 Bc5 48. Ke6 Rg2 49. Bc6+ Kd8 50. Rf8+ Kc7 51. g8=Q Rxg8 52. Rxg8
Kxc6 53. Kxe5 Kb6 54. Kd5 Bf2 55. Rg6+ Ka5 56. c5 Kb5 57. c6 Bb6 58. Rg7 Ka6 59.
c7 Kb7 60. Kd6 Kc8 61. Kc6 Bxc7 62. Rxc7+ 1-0

[Event "Titled Tue 3rd Jun Early"]
[Site "chess.com INT"]
[Date "2025.06.03"]
[Round "5"]
[White "Mateus, Martha"]
[Black "Lyutsinger, Iren"]
[Result "0-1"]
[WhiteTitle "WIM"]
[BlackTitle "FM"]
[WhiteElo "1963"]
[BlackElo "2266"]
[WhiteFideId "4401549"]
[BlackFideId "34425969"]
[EventDate "2025.06.03"]

1. d4 Nf6 2. c4 e6 3. Nc3 Bb4 4. f3 d5 5. a3 Be7 6. e4 dxe4 7. fxe4 c5 8. d5
exd5 9. exd5 O-O 10. Nf3 Bd6 11. Be2 Re8 12. O-O a6 13. Bg5 h6 14. Bh4 Nbd7 15.
Bd3 Qc7 16. Qc2 Ng4 17. Rae1 Nde5 18. h3 Nxf3+ 19. Rxf3 Rxe1+ 20. Bxe1 Ne5 21.
Rf1 Bd7 22. Ne4 Re8 23. Nxd6 Qxd6 24. Bg3 b5 25. b3 bxc4 26. bxc4 Qe7 27. Bh7+
Kh8 28. Bxe5 Qxe5 29. Rxf7 Bxh3 30. gxh3 Qg3+ 31. Qg2 Re1+ 32. Rf1 Qe3+ 33. Kh2
Qe5+ 34. Kh1 Kxh7 35. Qc2+ Kg8 36. Rxe1 Qxe1+ 37. Kg2 Qe5 38. Qd3 Kf7 39. d6 Ke8
40. d7+ Kd8 41. Kf3 Qf6+ 42. Kg4 Qe6+ 43. Kf3 Qxd7 44. Qh7 Qxh3+ 45. Ke4 Qe6+
46. Kd3 Qd7+ 47. Kc3 Kc7 48. Qg6 Qd4+ 49. Kb3 Qf6 50. Qe8 Qf3+ 51. Kb2 Qf2+ 52.
Kc3 Qd4+ 53. Kb3 Qd3+ 54. Kb2 Qxc4 55. Qe7+ Kb6 56. Qd6+ Ka5 57. Qc7+ Ka4 58.
Qd8 Qb5+ 59. Kc1 Kxa3 60. Qe7 Qb2+ 61. Kd1 Qd4+ 62. Kc1 h5 63. Qc7 Qc3+ 64. Kd1
Qd4+ 65. Kc2 Qc4+ 66. Kd1 Qd5+ 67. Kc1 c4 68. Qb7 Qc6 0-1

[Event "Titled Tue 3rd Jun Early"]
[Site "chess.com INT"]
[Date "2025.06.03"]
[Round "5"]
[White "Gabrielian, Artur"]
[Black "Ugorek, Kacper"]
[Result "1-0"]
[WhiteTitle "GM"]
[BlackTitle "CM"]
[WhiteElo "2419"]
[BlackElo "2262"]
[WhiteFideId "4131002"]
[BlackFideId "21890676"]
[EventDate "2025.06.03"]

1. Nf3 Nf6 2. g3 g6 3. Bg2 Bg7 4. c4 O-O 5. d4 d6 6. Nc3 Nbd7 7. O-O e5 8. e4 b6
9. Re1 Bb7 10. h3 a5 11. dxe5 dxe5 12. Nd5 c6 13. Nxf6+ Bxf6 14. Bh6 Re8 15. Qc2
Nc5 16. Rad1 Qe7 17. h4 Ne6 18. Qb3 Qb4 19. Be3 Qxb3 20. axb3 c5 21. Rd6 Ra6 22.
Ng5 Bxg5 23. Bxg5 Kg7 24. Red1 h6 25. Bd8 Rxd8 26. Rxd8 Nxd8 27. Rxd8 Kf6 28.
Rd7 Bc8 29. Rc7 Ra8 30. f4 Be6 31. Rc6 Rb8 32. Bh3 exf4 33. gxf4 Ke7 34. f5 gxf5
35. exf5 Bd7 36. Rxh6 b5 37. Ra6 bxc4 38. bxc4 f6 39. Rxa5 Rxb2 40. Rxc5 Rb3 41.
Kg2 Rb2+ 42. Kg3 Rb3+ 43. Kg4 Rb1 44. h5 Rg1+ 45. Kf4 Rh1 46. Bg4 Kd6 47. Rd5+
Kc7 48. Ra5 Rf1+ 49. Kg3 Rg1+ 50. Kh3 Rh1+ 51. Kg2 Bc6+ 52. Kg3 Rg1+ 53. Kf4
Rf1+ 54. Ke3 Re1+ 55. Kf2 Rc1 56. h6 Rh1 57. h7 Rxh7 58. Ra7+ Bb7 59. Bf3 Kb6
60. Rxb7+ Rxb7 61. Bxb7 Kxb7 62. Ke3 Kc6 63. Kd4 Kd6 64. c5+ Kc6 65. Kc4 Kc7 66.
Kd5 Kd7 67. c6+ Kc7 68. Ke6 Kxc6 69. Kxf6 Kd7 70. Kg7 Ke7 71. f6+ Ke6 72. f7 Ke7
73. f8=Q+ 1-0

[Event "Titled Tue 3rd Jun Early"]
[Site "chess.com INT"]
[Date "2025.06.03"]
[Round "5"]
[White "Punin, Andrii"]
[Black "Kolb, Tobias"]
[Result "0-1"]
[WhiteTitle "FM"]
[BlackTitle "FM"]
[WhiteElo "2289"]
[BlackElo "2402"]
[WhiteFideId "14112639"]
[BlackFideId "12992321"]
[EventDate "2025.06.03"]

1. e4 c6 2. Nc3 d5 3. Nf3 dxe4 4. Nxe4 Nf6 5. Qe2 Bf5 6. Nxf6+ gxf6 7. d3 e6 8.
Bd2 Nd7 9. Nh4 Bg6 10. g3 Qb6 11. O-O-O Bc5 12. Be3 Bxe3+ 13. fxe3 Qa5 14. Nxg6
hxg6 15. a3 O-O-O 16. Bg2 Nb6 17. Qe1 Qg5 18. Kb1 f5 19. Bf3 Rh3 20. Bg2 Rh6 21.
h4 Qe7 22. Bf3 Rdh8 23. e4 f4 24. gxf4 Rxh4 25. Rxh4 Qxh4 26. Qa5 Qxf4 27. Be2
Kb8 28. Rf1 Qc7 29. Rxf7 Rh1+ 30. Rf1 Rxf1+ 31. Bxf1 Qf4 32. Bh3 e5 33. Qb4 Qf6
34. a4 Nc8 35. a5 Nd6 36. Qc5 Qe7 37. a6 Nc8 38. Qc4 Nd6 39. Qc5 Nc8 40. Qc3 Nd6
41. axb7 Kxb7 42. Qb4+ Kc7 43. Qa5+ Kb7 44. Qb4+ Kc7 45. d4 exd4 46. Qxd4 Qxe4
47. Qxa7+ Nb7 48. Qg1 Qh4 49. Be6 g5 50. b3 Qf4 51. Ka2 Qe5 52. Bh3 Nd6 53. Qa7+
Nb7 54. Qg1 Qc3 55. Bf5 Qa5+ 56. Kb1 Qxf5 57. Qh2+ Qf4 58. Qh7+ Kb6 59. Qh6 Qf1+
60. Ka2 Qc1 61. c4 Qc2+ 62. Ka3 Nc5 63. Qh3 g4 64. Qe3 Qxb3+ 65. Qxb3+ Nxb3 66.
Kxb3 g3 67. c5+ Kxc5 0-1